Central Library OPAC University of Rajshahi

Teach yourself Bengali / (Record no. 50283)

MARC details
000 -LEADER
fixed length control field 00710nam a2200241 a 4500
001 - CONTROL NUMBER
control field 50283
003 - CONTROL NUMBER IDENTIFIER
rucl marc code BD-RjUL
005 - DATE AND TIME OF LATEST TRANSACTION
control field 20211209075503.0
008 - FIXED-LENGTH DATA ELEMENTS--GENERAL INFORMATION
fixed length control field 160824s1965 enka 000 0 eng
035 ## - SYSTEM CONTROL NUMBER
System control number (BD-RjUL)50403
040 ## - CATALOGING SOURCE
Original cataloging agency DLC
Transcribing agency NR
Modifying agency OCoLC
-- BD-RjUL
Language of cataloging eng
041 0# - LANGUAGE CODE
Language code of text/sound track or separate title ben
082 ## - DEWEY DECIMAL CLASSIFICATION NUMBER
Classification number 491.448242
Edition number 23
Author mark and year HUT 1965
100 10 - MAIN ENTRY--PERSONAL NAME
Personal name Hudson, D. F.
9 (RLIN) 150701
245 10 - TITLE STATEMENT
Title Teach yourself Bengali /
Statement of responsibility, etc. by D. F. Hudson.
260 ## - PUBLICATION, DISTRIBUTION, ETC. (IMPRINT)
Place of publication, distribution, etc. London :
Name of publisher, distributor, etc. English Universities Press,
Date of publication, distribution, etc. c1965
300 ## - PHYSICAL DESCRIPTION
Pagination ix, 134 p. :
Illustrations ill. ;
Size 18 cm.
490 0# - SERIES STATEMENT
Series statement The Teach yourself books
650 #0 - SUBJECT ADDED ENTRY--TOPICAL TERM
Topical term or geographic name as entry element Bengali language
General subdivision Self-instruction.
9 (RLIN) 150702
856 ## - ELECTRONIC LOCATION AND ACCESS
Materials specified The Teach yourself books
942 ## - ADDED ENTRY ELEMENTS (KOHA)
Source of classification or shelving scheme Dewey Decimal Classification
Koha item type Books
Holdings
Lost status Source of classification or shelving scheme Damaged status Not for loan Collection code Permanent Location Current Location Shelving location Date acquired Source of acquisition Cost, normal purchase price Total Checkouts Full call number Date last seen Date checked out Copy number Koha item type
  Dewey Decimal Classification     Non-fiction Central Library, University of Rajshahi Central Library, University of Rajshahi   28/05/1975 Dhaka paragon enterprises ltd. 40.00 1 491.448242 HUT 1965 03/12/2023 05/11/2023 C-2 Books